000 01267nam0a22002891 4500
001 rc\3419847
005 20130115141019.8
035 _a(NLR Aleph) 007556331
090 _a5255402
_c5255402
100 _a20130115d1969 |||y0rusy50 ca
101 0 _arus
102 _aRU
105 _ay z |||||
200 1 _aГотовясь к 100-летию со дня рождения В.И. Ленина
_eМетод. советы
_eОпыт работы
_fЧеляб. обл. ком. ВЛКСМ. Отд. учащейся молодежи. Кабинет комсомольской работы
210 _aЧелябинск
_cБ. и.
_d1969
215 _a46 с.
_d20
225 1 _aШкольному комсомольскому активисту
300 _aНа обороте тит. л.: подготовила Л. Локоткова
309 _aОтпеч. множит. аппаратом
532 1 0 _aГотовясь к столетию со дня рождения Владимира Ильича Ленина
702 1 _aЛенин
_bВ. И.
_f1870-1924
_gВладимир Ильич
_4570
702 1 _aЛокоткова
_bЛ.
_4570
801 0 _aRU
_bNLR
_gpsbo
801 1 _aRU
_bELAR
_2rusmarc
852 _aNLR
_j69-4/25663
942 _cBOOK
980 _aNB